Central Library and Information Centre
Sibsagar Girls' College, Sivasagar : Assam

PRACTICAL STATISTICS (Record no. 6881)

MARC details
000 -LEADER
fixed length control field 00391cam a2200169ua 4500
008 - FIXED-LENGTH DATA ELEMENTS--GENERAL INFORMATION
fixed length control field 111226n1982 II |||gr||||Z||||||eng
040 ## - CATALOGING SOURCE
Original cataloging agency MAIN
041 ## - LANGUAGE CODE
-- English
082 ## - DEWEY DECIMAL CLASSIFICATION NUMBER
Classification number 330.021 GUP
100 ## - MAIN ENTRY--PERSONAL NAME
Personal name GUPTA , S.P .
245 ## - TITLE STATEMENT
Title PRACTICAL STATISTICS
260 ## - PUBLICATION, DISTRIBUTION, ETC.
Place of publication, distribution, etc. NEW DELHI
Name of publisher, distributor, etc. S.CHAND & COMPANY
Date of publication, distribution, etc. 1982
300 ## - PHYSICAL DESCRIPTION
Extent 629.
942 ## - ADDED ENTRY ELEMENTS (KOHA)
Koha item type Books
653 ## - INDEX TERM--UNCONTROLLED
Uncontrolled term Statistical Economics
Holdings
Withdrawn status Lost status Damaged status Not for loan Collection code Home library Current library Shelving location Date acquired Full call number Barcode Date last seen Copy number Price effective from Koha item type Public note
        TBECO Central Library and Information Centre Sibsagar Girls College Central Library and Information Centre Sibsagar Girls College Economics Rack 19.08.1980 330.021 GUP 06156 27.02.2020 1 27.02.2020 Books  
        TBECO Central Library and Information Centre Sibsagar Girls College Central Library and Information Centre Sibsagar Girls College ECONOMICS BOOK RACK 19.08.1980 330.021 GUP 06157 27.02.2020 2 27.02.2020 Books V
Withdrawn       REFECO Central Library and Information Centre Sibsagar Girls College Central Library and Information Centre Sibsagar Girls College Withdraw items 19.08.1980 330.021 GUP 06158 27.02.2020 3 27.02.2020 Books V


Sibsagar Girl's College © 2020. All rights reserved.
Powered by Koha.
Maintained by Abhijit Borpuzari.